00700nam a22001097a 4500008004100000100002300041245007300064260003900137300003000176520034500206773003900551250526b ||||| |||| 00| 0 eng d aZilber, Tammar B.  a Michel Anteby. The Interloper: Lessons from resistance in the field aAdministrative Science Quarterly  a70(1), Mar, 2025: p.N5-N8 aHaedicke M. A., Hallett T. 2015 “How to look two ways at once: Research strategies for inhabited institutionalism.” In Elsbach K. D., Kramer R. M. (eds.), Handbook of Qualitative Organizational Research: Innovative Pathways and Methods: 99–111. Routledge.- Reproduced https://journals.sagepub.com/doi/full/10.1177/00018392241279850  aAdministrative Science Quarterly